<?xml version="1.0" encoding="UTF-8"?>
<record
    xmlns:xsi="http://www.w3.org/2001/XMLSchema-instance"
    xsi:schemaLocation="http://www.loc.gov/MARC21/slim http://www.loc.gov/standards/marcxml/schema/MARC21slim.xsd"
    xmlns="http://www.loc.gov/MARC21/slim">

  <leader>00498nam a2200205Ia 4500</leader>
  <controlfield tag="008">230125s9999    xx            000 0 und d</controlfield>
  <datafield tag="020" ind1=" " ind2=" ">
    <subfield code="a">0-07-066766-7</subfield>
  </datafield>
  <datafield tag="041" ind1=" " ind2=" ">
    <subfield code="a">eng</subfield>
  </datafield>
  <datafield tag="082" ind1=" " ind2=" ">
    <subfield code="a">659.1</subfield>
    <subfield code="b">ARE</subfield>
  </datafield>
  <datafield tag="100" ind1=" " ind2=" ">
    <subfield code="a">Arens W F</subfield>
    <subfield code="9">108634</subfield>
  </datafield>
  <datafield tag="245" ind1=" " ind2=" ">
    <subfield code="a">Contemporary advertising</subfield>
  </datafield>
  <datafield tag="250" ind1=" " ind2=" ">
    <subfield code="a">10th ed</subfield>
  </datafield>
  <datafield tag="260" ind1=" " ind2=" ">
    <subfield code="c">2008</subfield>
    <subfield code="b">Tata McGraw Hill</subfield>
    <subfield code="a">New Delhi</subfield>
  </datafield>
  <datafield tag="300" ind1=" " ind2=" ">
    <subfield code="a">614p</subfield>
  </datafield>
  <datafield tag="500" ind1=" " ind2=" ">
    <subfield code="a">advertising</subfield>
  </datafield>
  <datafield tag="650" ind1=" " ind2=" ">
    <subfield code="a">Advertising</subfield>
  </datafield>
  <datafield tag="700" ind1=" " ind2=" ">
    <subfield code="a">Arens W F</subfield>
    <subfield code="9">108634</subfield>
  </datafield>
  <datafield tag="906" ind1=" " ind2=" ">
    <subfield code="b">121</subfield>
  </datafield>
  <datafield tag="999" ind1=" " ind2=" ">
    <subfield code="c">85424</subfield>
    <subfield code="d">85424</subfield>
  </datafield>
  <datafield tag="952" ind1=" " ind2=" ">
    <subfield code="0">0</subfield>
    <subfield code="1">0</subfield>
    <subfield code="4">0</subfield>
    <subfield code="7">0</subfield>
    <subfield code="a">HIMR</subfield>
    <subfield code="b">HIMR</subfield>
    <subfield code="d">2010-09-16</subfield>
    <subfield code="e">Forward Books</subfield>
    <subfield code="g">550.00</subfield>
    <subfield code="i">4073</subfield>
    <subfield code="l">0</subfield>
    <subfield code="o">659.1 ARE B08759</subfield>
    <subfield code="p">HIMR-BK-8759</subfield>
    <subfield code="r">2023-01-25 00:00:00</subfield>
    <subfield code="v">429.00</subfield>
    <subfield code="w">2010-08-30</subfield>
    <subfield code="y">BK</subfield>
    <subfield code="z">B08759</subfield>
  </datafield>
  <datafield tag="952" ind1=" " ind2=" ">
    <subfield code="0">0</subfield>
    <subfield code="1">0</subfield>
    <subfield code="4">0</subfield>
    <subfield code="7">0</subfield>
    <subfield code="a">HIMR</subfield>
    <subfield code="b">HIMR</subfield>
    <subfield code="d">2009-09-09</subfield>
    <subfield code="e">Pritam Book Centre</subfield>
    <subfield code="g">499.00</subfield>
    <subfield code="i">6427</subfield>
    <subfield code="l">0</subfield>
    <subfield code="o">659.1 ARE B07563</subfield>
    <subfield code="p">HIMR-BK-7563</subfield>
    <subfield code="r">2023-01-25 00:00:00</subfield>
    <subfield code="v">374.00</subfield>
    <subfield code="w">2009-08-27</subfield>
    <subfield code="y">BK</subfield>
    <subfield code="z">B07563</subfield>
  </datafield>
</record>
